Sri Krishna lila : (Record no. 125311)

MARC details
000 -LEADER
fixed length control field 00901nam a22002417a 4500
005 - DATE AND TIME OF LATEST TRANSACTION
control field 20181108133950.0
010 ## - LCCN (DPL NO)
LC control number B-164259 ,B-164278, B-165276
020 ## - INTERNATIONAL STANDARD BOOK NUMBER
Terms of availability 00.00
International Standard Book Number 817305181X
035 ## - SYSTEM CONTROL NUMBER
System control number B-164259, B-164278, B-165276
037 ## - SOURCE OF ACQUISITION
Source of stock number/acquisition Cen Lib/Ret
082 ## - DEWEY DECIMAL CLASSIFICATION NUMBER
Classification number 230.1
Item number VAN
100 ## - MAIN ENTRY--PERSONAL NAME
Personal name Vanamali
245 ## - TITLE STATEMENT
Title Sri Krishna lila :
Statement of responsibility, etc by Vanamali
Remainder of title the complete life of bhagavan sri Krishna, taken from the Sreemad Bhagavatham, Sreemad Mahabharatam and the wealth of oral traditions /
246 ## - VARYING FORM OF TITLE
Remainder of title
260 ## - PUBLICATION, DISTRIBUTION, ETC. (IMPRINT)
Name of publisher, distributor, etc Aryan Books International
Date of publication, distribution, etc 2000
Place of publication, distribution, etc New Delhi
270 ## - ADDRESS
Address Pooja Appartments, 4B, Anasri Road, Daryaganj
City New Delhi
Postal code 110002
300 ## - PHYSICAL DESCRIPTION
Extent xviii,414p. :
Dimensions 22cm(Hb)
Other physical details col.ill.
490 ## - SERIES STATEMENT
Series statement Sri Krishnaya Parambrahmane Namaba!
650 ## - SUBJECT ADDED ENTRY--TOPICAL TERM
Topical term or geographic name as entry element Hindiuism
650 ## - SUBJECT ADDED ENTRY--TOPICAL TERM
Topical term or geographic name as entry element Krishna (Hindu deity)
942 ## - ADDED ENTRY ELEMENTS (KOHA)
Source of classification or shelving scheme Dewey Decimal Classification
Item type English Books
Classification part 230.1
Call number suffix VAN
Holdings
Withdrawn status Lost status Not for loan Home library Current library Date acquired Source of acquisition Cost, normal purchase price Full call number Barcode Copy number Cost, replacement price Koha item type Collection code
      Central Library Central Library 20/06/2015 Cen Lib/Ret 0.00 230.1 VAN B-164259 1 0.00 English Books  
      R.C.Libraries (zls) R.C.Libraries (zls) 03/11/2018     230.1 VAN B-164278 1   English Books Non-fiction
      Yojana Vihar Yojana Vihar 08/11/2018 BPPD/PUB 690.00 230.1 VAN B-165276   690.00 English Books Non-fiction

© Delhi Public Library
Hit Counter
free hit counter